000 00334 a2200109 4500
001 ART_50654
005 20260410162007.0
008 260409a
245 1 0 _aLa asamblea judicial como medida de excepción
100 1 _aMartinat, Julieta
773 0 _tTemas de derecho civil
_g- Año 6, N° 2 (feb. 2020)
_wREV34778
999 _c31856
_d31856